[Event "CAN-chT University"]
[Site "Montreal"]
[Date "2013.01.13"]
[Round "5"]
[White "Pan, Neal"]
[Black "Cousin, Emmanuel"]
[Result "0-1"]
[WhiteElo "2024"]
[BlackElo "1818"]
[PlyCount "42"]
[EventDate "2013.01.12"]
[EventType "swiss"]
[EventRounds "5"]
[EventCountry "CAN"]
[SourceTitle "EXT 2014"]
[Source "ChessBase"]
[SourceDate "2013.11.20"]
[SourceVersion "1"]
[SourceVersionDate "2013.11.20"]
[SourceQuality "1"]

1. e4 Nf6 2. e5 Nd5 3. Nf3 d6 4. c4 Nb6 5. exd6 exd6 6. Nc3 Bg4 7. Be2 Be7 8. 0-0 0-0 9. b3 Bf6 10. Bb2 Re8 11. h3 Bh5 12. Re1 Nc6 13. Nh2 Bxe2 14. Rxe2 g6 15. Ng4 Bg7 16. Ne4 Rxe4 17. Bxg7 Rxe2 18. Bf6 Re7 19. d4 Qf8 20. Qf3 h5 21. Qg3 Nd7 0-1